Quiz o Gambii - Statystyki

Ogólne statystyki
  • Ten quiz został rozwiązany 733 razy
  • Średni wynik to 8 z 13
Statystyki odpowiedzi
Wskazówka Odpowiedź % Poprawnych
Jedyne państwo graniczące Senegal
94%
Urzędowy język angielski
93%
Najpopularniejsza religia Islam
90%
Państwo, od którego Gambia uzyskała niepodległość w 1965 r. Wielka Brytania
87%
Główne Imperium, którego Gambia była częścią w latach 1230-1670. Imperium {Mali}
73%
Państwo, w którym zaczyna się ta rzeka Gwinea
72%
Gambia to najmniejsze państwo w Afryce kontynentalnej. To państwo jest następne. Eswatini
70%
Najdłuższa rzeka Gambia
70%
Stolica Bandżul
68%
"Śmiejący się” afrykański ssak, który jest narodowym zwierzęciem tego kraju Krokuta cętkowana
53%
Nazwij jedną z trzech dominujących grup etnicznych w Gambii Mandinka | Fula | Wolof
28%
Kształt Gambii ma największy stosunek ____ do ____ ze wszystkich krajów na świecie. (Wskazówka: najmniejszy współczynnik ma Chile) Szerokości do wysokości
20%
Gambia jest znana pod tą nazwą Wybrzeże {Uśmiechnięte}
19%
Nie znaleziono quizów pasujących do podanych kryteriów
Rozkład punktacji
Procent ludzi z każdym wynikiem
Percentyl według liczby udzielonych odpowiedzi
Twoja historia wyników
Nie rozwiązałeś tego quizu